[Event "Paracin Summer op-B 11th"]
[Site "Paracin"]
[Date "2018.07.10"]
[Round "5"]
[White "Golubovic, Marko"]
[Black "Kamenov, Valentin"]
[Result "1-0"]
[WhiteElo "1979"]
[BlackElo "1779"]
[PlyCount "65"]
[EventDate "2018.07.06"]
[EventType "swiss"]
[EventRounds "9"]
[EventCountry "SRB"]
[SourceTitle "EXT 2019"]
[Source "ChessBase"]
[SourceDate "2018.10.10"]
[SourceVersion "1"]
[SourceVersionDate "2018.10.10"]
[SourceQuality "1"]

1. e4 d6 2. d4 Nf6 3. Nc3 g6 4. f3 Bg7 5. Be3 0-0 6. Qd2 Nc6 7. h4 h5 8. 0-0-0 e5 9. d5 Nb8 10. Be2 Nbd7 11. Nh3 Nh7 12. g4 Ndf6 13. Rdg1 Kh8 14. Bh6 Bd7 15. Rg2 Rg8 16. Ng5 Qf8 17. Bxg7+ Rxg7 18. Rhg1 Qe7 19. Nxh7 Rxh7 20. g5 Ne8 21. Rf2 c5 22. f4 exf4 23. Rxf4 Nc7 24. Re1 b5 25. e5 b4 26. Ne4 dxe5 27. Rf6 Ne8 28. d6 Qd8 29. Rf2 Rc8 30. Bc4 Be6 31. Bxe6 fxe6 32. Rf8+ Kg7 33. Ref1 1-0

[Event "Paracin Summer op-B 11th"]
[Site "Paracin"]
[Date "2018.07.07"]
[Round "2"]
[White "Kanov, Nikola"]
[Black "Golubovic, Marko"]
[Result "0-1"]
[WhiteElo "1776"]
[BlackElo "1979"]
[PlyCount "120"]
[EventDate "2018.07.06"]
[EventType "swiss"]
[EventRounds "9"]
[EventCountry "SRB"]
[SourceTitle "EXT 2019"]
[Source "ChessBase"]
[SourceDate "2018.10.10"]
[SourceVersion "1"]
[SourceVersionDate "2018.10.10"]
[SourceQuality "1"]

1. e4 c5 2. Nf3 d6 3. d4 cxd4 4. Nxd4 Nf6 5. Nc3 a6 6. f3 e5 7. Nb3 Be7 8. Be3 Be6 9. Qd2 Nbd7 10. g4 0-0 11. 0-0-0 b5 12. g5 Ne8 13. Kb1 Nb6 14. Nd5 Nxd5 15. exd5 Bf5 16. h4 f6 17. Na5 Rc8 18. Nc6 Qd7 19. Bd3 Bxd3 20. Qxd3 Nc7 21. gxf6 Bxf6 22. Rdg1 Kh8 23. Na5 Bd8 24. Rg3 Qf7 25. Rd1 Qf5 26. Bg5 Qxd3 27. Rxd3 Bxg5 28. hxg5 e4 29. Re3 exf3 30. Rexf3 Nxd5 31. Nb7 Nf4 32. c3 d5 33. Nd6 Rcd8 34. Rg4 Rxd6 35. Rgxf4 Rxf4 36. Rxf4 h5 37. gxh6 gxh6 38. Kc2 Kg7 39. Kd3 Kg6 40. Kd4 Kg5 41. Rf1 h5 42. Kc5 Re6 43. Kxd5 Re2 44. Ra1 Rxb2 45. a4 h4 46. axb5 axb5 47. Ke4 h3 48. Kf3 h2 49. Kg3 Kf5 50. Re1 Rc2 51. Kh3 Kf4 52. Rf1+ Ke4 53. Rd1 Ke3 54. Kg3 Ke2 55. Rb1 Kd3 56. Rf1 Kxc3 57. Rf3+ Kb2 58. Rf1 b4 59. Kf3 Rc3+ 60. Kg2 Rc1 0-1

[Event "Veliko Gradiste Silver Lake op-B"]
[Site "Veliko Gradiste"]
[Date "2018.06.22"]
[Round "7"]
[White "Golubovic, Marko"]
[Black "Radojkovic, Stefan"]
[Result "0-1"]
[WhiteElo "2022"]
[BlackElo "2143"]
[PlyCount "108"]
[EventDate "2018.06.17"]
[EventType "swiss"]
[EventRounds "9"]
[EventCountry "SRB"]
[SourceTitle "EXT 2019"]
[Source "ChessBase"]
[SourceDate "2018.10.10"]
[SourceVersion "1"]
[SourceVersionDate "2018.10.10"]
[SourceQuality "1"]

1. e4 c5 2. Nc3 e6 3. g3 Nc6 4. Bg2 a6 5. f4 d6 6. Nf3 Qc7 7. 0-0 b5 8. d4 cxd4 9. Nxd4 Bb7 10. Be3 Nf6 11. a3 Na5 12. Qe2 Nc4 13. Bf2 Rc8 14. Ncxb5 axb5 15. Nxb5 Qa5 16. Na7 Rc7 17. b4 Qa4 18. b5 Nd7 19. Rfb1 Ncb6 20. Nc6 Bxc6 21. Rb4 Bxb5 22. Rxb5 Qc4 23. Qxc4 Nxc4 24. Bf1 Be7 25. a4 Bf6 26. Ra2 0-0 27. a5 Ra8 28. a6 Nd2 29. Bg2 e5 30. a7 Kf8 31. Bh3 Nf3+ 32. Kg2 Nd4 33. Bxd4 exd4 34. e5 dxe5 35. fxe5 Bxe5 36. Rd5 Nf6 37. Rxe5 Raxa7 38. Rb2 Rab7 39. Ra2 g6 40. Kf2 Rb1 41. Ra8+ Kg7 42. Re2 Rb2 43. Rd8 Rcxc2 44. Rxc2 Rxc2+ 45. Kf3 Rxh2 46. Bg2 Rh5 47. Rxd4 Rd5 48. Ra4 h5 49. Kf4 Rf5+ 50. Ke3 Rg5 51. Kf3 Ng4 52. Ra7 Kh6 53. Ra8 Ne5+ 54. Kf4 Nd3+ 0-1

[Event "SRB-chT2 East"]
[Site "Serbia"]
[Date "2017.09.08"]
[Round "1.5"]
[White "Golubovic, Marko"]
[Black "Kostic, Tomislav"]
[Result "1-0"]
[WhiteElo "1976"]
[BlackElo "2046"]
[PlyCount "87"]
[EventDate "2017.09.08"]
[EventType "team-tourn"]
[EventRounds "11"]
[EventCountry "SRB"]
[SourceTitle "EXT 2022"]
[Source "ChessBase"]
[SourceDate "2021.10.06"]
[SourceVersion "1"]
[SourceVersionDate "2021.10.06"]
[SourceQuality "1"]

1. e4 c5 2. Nc3 e6 3. g3 Nc6 4. Bg2 g6 5. f4 d6 6. Nf3 Bg7 7. d3 Nge7 8. 0-0 0-0 9. Be3 Nd4 10. e5 Nef5 11. Bf2 Nxf3+ 12. Qxf3 Nd4 13. Qd1 dxe5 14. fxe5 Bxe5 15. Ne4 Rb8 16. c3 Nf5 17. Bxc5 b6 18. Bxf8 Ne3 19. Qf3 Nxf1 20. Bh6 Nxh2 21. Qe2 Bxg3 22. Nxg3 Qh4 23. Qe5 Qxh6 24. Qxb8 Ng4 25. Nf1 Qh4 26. Qg3 Qg5 27. Nh2 h5 28. Re1 f5 29. Nxg4 f4 30. Nh6+ Qxh6 31. Qf3 g5 32. Qa8 Qf8 33. Re5 g4 34. Rg5+ Kf7 35. Rxh5 Kg6 36. Re5 Qd6 37. Qe4+ Kg7 38. Rg5+ Kf8 39. Rxg4 e5 40. Rg5 Bb7 41. Qxb7 Qxd3 42. Qg7+ Ke8 43. Bc6+ Kd8 44. Qd7+ 1-0

[Event "Paracin Summer op-B 10th"]
[Site "Paracin"]
[Date "2017.07.08"]
[Round "2"]
[White "Milutinovic, Bojan"]
[Black "Golubovic, Marko"]
[Result "1/2-1/2"]
[WhiteElo "1801"]
[BlackElo "1978"]
[PlyCount "39"]
[EventDate "2017.07.07"]
[EventType "swiss"]
[EventRounds "9"]
[EventCountry "SRB"]
[SourceTitle "EXT 2020"]
[Source "ChessBase"]
[SourceDate "2019.10.17"]
[SourceVersion "1"]
[SourceVersionDate "2019.10.17"]
[SourceQuality "1"]

1. e4 c5 2. Nf3 d6 3. d4 cxd4 4. Nxd4 Nf6 5. Nc3 a6 6. Bg5 e6 7. f4 Be7 8. Qf3 Qc7 9. 0-0-0 Nbd7 10. g4 b5 11. Bxf6 Nxf6 12. g5 Nd7 13. a3 Rb8 14. h4 b4 15. axb4 Rxb4 16. Bh3 Nc5 17. f5 Bb7 18. fxe6 0-0 19. exf7+ Rxf7 20. Qe3 1/2-1/2

[Event "Belgrade-chT Quality"]
[Site "Belgrade"]
[Date "2015.10.04"]
[Round "2"]
[White "Zarkovic, Milos"]
[Black "Golubovic, Marko"]
[Result "0-1"]
[WhiteElo "1827"]
[BlackElo "2011"]
[PlyCount "72"]
[EventDate "2015.10.03"]
[EventType "team-tourn"]
[EventRounds "11"]
[EventCountry "SRB"]
[SourceTitle "EXT 2018"]
[Source "ChessBase"]
[SourceDate "2017.10.13"]
[SourceVersion "1"]
[SourceVersionDate "2017.10.13"]
[SourceQuality "1"]

1. d4 Nf6 2. c4 c5 3. d5 e6 4. Nc3 exd5 5. cxd5 d6 6. e4 g6 7. Nf3 Bg7 8. Bd3 0-0 9. 0-0 a6 10. a4 Re8 11. Qc2 Qc7 12. Nd2 Nbd7 13. Nc4 Nb6 14. h3 Nxc4 15. Bxc4 Bd7 16. Bf4 Rab8 17. a5 Nh5 18. Bh2 f5 19. Rfe1 f4 20. Qd2 Be5 21. Be2 Ng3 22. Qd3 Nxe2+ 23. Rxe2 Rf8 24. Ra3 Qd8 25. Qf3 Qh4 26. Na4 g5 27. Nb6 g4 28. Qb3 Bb5 29. Rc2 c4 30. Nxc4 Bxc4 31. Rxc4 Rbc8 32. hxg4 f3 33. Bxe5 fxg2 34. Kxg2 Rxf2+ 35. Kg1 Rcf8 36. Ra1 dxe5 0-1

[Event "SRB Central-ch op-B 8th"]
[Site "Paracin"]
[Date "2015.07.07"]
[Round "6"]
[White "Petrovic, Marija"]
[Black "Golubovic, Marko"]
[Result "0-1"]
[WhiteElo "2073"]
[BlackElo "1991"]
[PlyCount "138"]
[EventDate "2015.07.03"]
[EventType "swiss"]
[EventRounds "9"]
[EventCountry "SRB"]
[SourceTitle "CBM 167 Extra"]
[Source "ChessBase"]
[SourceDate "2015.09.14"]
[SourceVersion "1"]
[SourceVersionDate "2015.09.14"]
[SourceQuality "1"]

1. d4 Nf6 2. Nf3 g6 3. Bg5 Ne4 4. Bf4 Bg7 5. Nbd2 d5 6. e3 c5 7. c3 cxd4 8. exd4 0-0 9. Be2 Nc6 10. 0-0 Bf5 11. h3 Qd7 12. Re1 Rae8 13. Bf1 f6 14. Bh2 g5 15. Nxe4 Bxe4 16. Bd3 g4 17. hxg4 Bxd3 18. Qxd3 Qxg4 19. Nd2 Bh6 20. Qf3 Qg5 21. Nf1 Kh8 22. Ne3 e6 23. Ng4 Bg7 24. Ne3 h5 25. Bf4 Qg6 26. Qg3 Qh7 27. Bd6 Rg8 28. Qh3 f5 29. Nf1 Bf6 30. Re2 Rg6 31. Rae1 Nd8 32. Ng3 Reg8 33. f3 h4 34. Nf1 Qh6 35. Qh2 h3 36. Bf4 Qh4 37. Bg3 Rxg3 38. Nxg3 Rxg3 39. Kf1 hxg2+ 40. Rxg2 Rh3 41. Ree2 Rxf3+ 42. Ref2 Rxf2+ 43. Rxf2 Qxh2 44. Rxh2+ Kg7 45. Ke2 Nf7 46. Kf3 Bg5 47. Rg2 Kf6 48. Rh2 e5 49. dxe5+ Nxe5+ 50. Ke2 f4 51. Rh7 Nf7 52. a4 Kg6 53. Rh1 Ne5 54. Rd1 f3+ 55. Kf2 Bh4+ 56. Ke3 f2 57. Ke2 Ng4 58. Rh1 Kg5 59. b4 Bg3 60. Rd1 Nh2 61. Rxd5+ Kf4 62. Rd4+ Ke5 63. Rd1 f1Q+ 64. Rxf1 Nxf1 65. Kxf1 Kd5 66. Ke2 Kc4 67. Kd2 Be5 68. Kc2 Bxc3 69. b5 b6 0-1

[Event "SRB Central-ch op-B 8th"]
[Site "Paracin"]
[Date "2015.07.04"]
[Round "3"]
[White "Golubovic, Marko"]
[Black "Radojkovic, Stefan"]
[Result "1-0"]
[WhiteElo "1991"]
[BlackElo "1804"]
[PlyCount "83"]
[EventDate "2015.07.03"]
[EventType "swiss"]
[EventRounds "9"]
[EventCountry "SRB"]
[SourceTitle "CBM 167 Extra"]
[Source "ChessBase"]
[SourceDate "2015.09.14"]
[SourceVersion "1"]
[SourceVersionDate "2015.09.14"]
[SourceQuality "1"]

1. e4 e5 2. Nf3 Nc6 3. Bc4 Bc5 4. c3 Nf6 5. d4 exd4 6. cxd4 Bb4+ 7. Nc3 Nxe4 8. 0-0 Bxc3 9. d5 Bf6 10. Re1 Ne7 11. Rxe4 d6 12. Bg5 Bxg5 13. Nxg5 h6 14. Qe2 hxg5 15. Re1 Be6 16. dxe6 f6 17. Re3 c6 18. Rh3 Rxh3 19. gxh3 g6 20. b4 Kf8 21. Qg4 Kg7 22. h4 gxh4 23. Qxh4 d5 24. Bd3 Qd6 25. Qg4 c5 26. bxc5 Qxc5 27. Re3 f5 28. Qg5 Rc8 29. h4 d4 30. Re1 Rh8 31. Rc1 Qd6 32. Be2 Qxe6 33. Rc7 Kf8 34. Kf1 Rh7 35. Rxb7 d3 36. Bxd3 Rh5 37. Qf4 Qxa2 38. Qb8+ Kf7 39. Qc7 Qa1+ 40. Kg2 Qf6 41. Bc4+ Kf8 42. Qd8+ 1-0

[Event "Belgrade-chT Quality"]
[Site "Belgrade"]
[Date "2012.10.27"]
[Round "5.4"]
[White "Golubovic, Marko"]
[Black "Gemovic, Djordje"]
[Result "1/2-1/2"]
[WhiteElo "1988"]
[BlackElo "1722"]
[PlyCount "66"]
[EventDate "2012.10.13"]
[EventType "team-tourn"]
[EventRounds "11"]
[EventCountry "SRB"]
[SourceTitle "EXT 2019"]
[Source "ChessBase"]
[SourceDate "2018.10.10"]
[SourceVersion "1"]
[SourceVersionDate "2018.10.10"]
[SourceQuality "1"]

1. e4 e6 2. d4 d5 3. Nc3 Bb4 4. e5 c5 5. a3 Bxc3+ 6. bxc3 Qa5 7. Bd2 c4 8. Qg4 Ne7 9. Qxg7 Rg8 10. Qxh7 Nbc6 11. Nf3 Bd7 12. h4 0-0-0 13. Ng5 Rh8 14. Qg7 Nf5 15. Qf6 Rh6 16. Qxf7 Be8 17. Qxe6+ Rxe6 18. Nxe6 Rd7 19. g4 Ng7 20. Nxg7 Rxg7 21. f4 Nd8 22. Bh3 Kc7 23. f5 Qb6 24. 0-0 Rh7 25. h5 Nf7 26. e6 Nd8 27. Bg2 Kc6 28. Rae1 Qc7 29. Re5 Qg7 30. Rxd5 Kc7 31. Rc5+ Kb6 32. Rc8 Qxg4 33. Rxd8 Rg7 1/2-1/2

[Event "Belgrade-chT Quality"]
[Site "Belgrade"]
[Date "2012.10.21"]
[Round "4.2"]
[White "Tisma, Vladimir"]
[Black "Golubovic, Marko"]
[Result "0-1"]
[WhiteElo "1930"]
[BlackElo "1988"]
[PlyCount "50"]
[EventDate "2012.10.13"]
[EventType "team-tourn"]
[EventRounds "11"]
[EventCountry "SRB"]
[SourceTitle "EXT 2019"]
[Source "ChessBase"]
[SourceDate "2018.10.10"]
[SourceVersion "1"]
[SourceVersionDate "2018.10.10"]
[SourceQuality "1"]

1. Nf3 Nf6 2. g3 d5 3. Bg2 c5 4. 0-0 Nc6 5. d4 cxd4 6. Nxd4 e5 7. Nxc6 bxc6 8. c4 Be7 9. Nc3 Bb7 10. Qb3 Rb8 11. cxd5 cxd5 12. Qa4+ Qd7 13. Qxa7 0-0 14. Qa4 Bc6 15. Qd1 d4 16. Bxc6 Qxc6 17. Na4 Nd5 18. b3 f5 19. Bb2 f4 20. Qd3 fxg3 21. hxg3 Rf6 22. Qe4 Qe6 23. Rac1 Rbf8 24. Bxd4 exd4 25. Qxd4 Nf4 0-1

[Event "SRB-chT quality"]
[Site "Belgrade"]
[Date "2010.10.23"]
[Round "5"]
[White "Ivanis, Goran"]
[Black "Golubovic, Marko"]
[Result "1/2-1/2"]
[WhiteElo "2017"]
[BlackElo "1989"]
[PlyCount "59"]
[EventDate "2010.10.09"]
[EventType "team-tourn"]
[EventRounds "11"]
[EventCountry "YUG"]
[SourceTitle "EXT 2011"]
[Source "ChessBase"]
[SourceDate "2010.11.26"]
[SourceVersion "1"]
[SourceVersionDate "2010.11.26"]
[SourceQuality "1"]

1. d4 Nf6 2. Bg5 e6 3. e4 Be7 4. Bd3 c5 5. Ne2 Nc6 6. dxc5 Qa5+ 7. Nd2 Qxc5 8. Be3 Qa5 9. 0-0 d5 10. Nd4 e5 11. N4b3 Qc7 12. c3 0-0 13. Qe2 dxe4 14. Nxe4 Ng4 15. h3 Nxe3 16. fxe3 b6 17. Ng3 Be6 18. Bf5 Bxf5 19. Nxf5 Bf6 20. Qg4 Ne7 21. Nd2 Nxf5 22. Rxf5 Be7 23. Raf1 Bc5 24. R1f3 Kh8 25. Ne4 f6 26. b4 Be7 27. Qh4 g6 28. Nxf6 Rf7 29. Nd5 Bxh4 30. Rxf7 1/2-1/2

[Event "SRB-chT quality"]
[Site "Belgrade"]
[Date "2010.10.10"]
[Round "2"]
[White "Damjanovic, Lazar"]
[Black "Golubovic, Marko"]
[Result "1/2-1/2"]
[WhiteElo "2100"]
[BlackElo "1989"]
[PlyCount "58"]
[EventDate "2010.10.09"]
[EventType "team-tourn"]
[EventRounds "11"]
[EventCountry "YUG"]
[SourceTitle "EXT 2011"]
[Source "ChessBase"]
[SourceDate "2010.11.26"]
[SourceVersion "1"]
[SourceVersionDate "2010.11.26"]
[SourceQuality "1"]

1. e4 c5 2. Nf3 d6 3. d4 cxd4 4. Nxd4 Nf6 5. Nc3 a6 6. Be2 e5 7. Nb3 Be7 8. Be3 Be6 9. Nd5 Nxd5 10. exd5 Bf5 11. Qd2 Nd7 12. 0-0 0-0 13. Na5 Qc7 14. f4 Qxc2 15. Qxc2 Bxc2 16. Rac1 Be4 17. Nxb7 Nf6 18. fxe5 Nxd5 19. exd6 Nxe3 20. dxe7 Rfe8 21. Nd6 Rxe7 22. Nxe4 Nxf1 23. Bf3 Ne3 24. Nf6+ gxf6 25. Bxa8 Rd7 26. Kf2 Nd1+ 27. Ke2 Nxb2 28. Rc6 Re7+ 29. Kd2 Re6 1/2-1/2